00502nam a2200157Ia 450000500170000000800410001704000190005804100120007708200190008910000200010824500930012826000460022130000170026750400500028485000100033420230206132915.0131103s9999 xx 000 0 und d aLoreto College aEnglish a823.5bSWI-BUL aBullitt,John M. aJonathan Swift and the anatomy of satireb a study of satiric technique cJohn M.Bullitt aCambridgebHarvard University Pressc1966 aviii,214 p.  aIncludes bibliographical references and index aLCLIB